نقوش حجرية النبطية

محفوظ في:

المؤلف الرئيسي: Dhuyayb ,sulayman ibn abd al rahman

التنسيق: كتاب

اللغة: Undetermined

منشور في: AL RIYAD 1998

الموضوعات:

الوسوم: إضافة وسم

لا توجد وسوم, كن أول من يضع وسما على هذه التسجيلة!

رقم الطلب: PJ5239.D434

LEADER 00546nam a2200157Ia 4500
008 230909s9999||||xx |||||||||||||| ||und||
050 4 |a PJ5239.D434  
100 1 |a Dhuyayb ,sulayman ibn abd al rahman 
245 1 0 |a نقوش حجرية النبطية  
264 1 |a AL RIYAD   |c 1998 
300 |a 419 P   |c 24cm 
650 4 |a inscriptions ,nabataean  
650 4 |a saudi arabia nabataeas  
942 |2 lcc  |c BK 
952 |0 0  |1 0  |2 lcc  |4 0  |6 PJ5239 D434  |7 1  |9 49976  |a ARCE  |b ARCE  |d 2023-09-09  |l 0  |o PJ5239.D434   |p 1027028  |r 2023-09-09 00:00:00  |w 2023-09-09  |y BK 
999 |c 54599  |d 54599